000 00996nam0a22002891 4500
001 rc\93118
005 20250620180046.0
010 _a5-7024-0353-3
_995000
035 _a(NLR Aleph) 005358774
090 _a6875625
_c6875625
100 _a20021216d1996 |||y0rusy50 ca
101 0 _arus
102 _aRU
105 _ay |||||||||
200 1 _aВоля судьбы
_e[Пер. с англ.]
_fКэрри Фрезер
210 _aМ.
_cМеждунар. журн. "Панорама"
_d1996
215 _a189, [1] с.
_d17
225 1 _aПанорама романов о любви
327 1 _aСодерж.: Воля судьбы; Шелест нежных слов
464 0 _12001#$aВоля судьбы
_tВоля судьбы
464 0 _12001#$aШелест нежных слов
_tШелест нежных слов
700 1 _aФрезер
_bК.
_gКэрри
801 0 _aRU
_bNLR
_gpsbo
801 1 _aRU
_bELAR
_2rusmarc
852 _aNLR
_j96-2/442
942 _cBOOK
980 _aNB